Statistics for ABBA - Happy New Year - Lyrics

Click here to take the quiz!

General Stats

  • This quiz has been taken 155 times
  • The average score is 203 of 297

Answer Stats

Answer% Correct
Year
98%
year
98%
happy
97%
Happy
97%
new
97%
New
97%
I
94%
a
93%
the
85%
we
85%
you
85%
and
82%
all
80%
it
78%
me
77%
have
75%
No
75%
of
75%
to
75%
are
72%
be
72%
he
72%
is
71%
it's
71%
more
69%
so
69%
may
67%
as
66%
end
66%
in
66%
on
66%
time
66%
down
64%
now
64%
see
64%
us
64%
here
62%
say
62%
where
62%
for
61%
every
60%
will
60%
friend
59%
if
59%
our
59%
party
59%
we'll
59%
well
59%
die
56%
blue
55%
don't
55%
then
55%
champagne
54%
lay
54%
world
54%
can
53%
feeling
53%
fireworks
53%
might
53%
that
53%
through
53%
what
53%
yes
53%
seems
52%
Seems
52%
lost
51%
morning
51%
neighbor
51%
how
50%
who
50%
decade
49%
yesterday
49%
man
48%
grey
47%
had
47%
try
45%
vision
45%
now's
44%
unlike
44%
floor
43%
nothing
43%
years
43%
dreams
42%
hopes
42%
eighty-nine
41%
find
41%
fool
41%
lives
41%
before
40%
confetti
40%
line
40%
thinks
40%
another
39%
ashes
39%
he'll
39%
than
39%
never
38%
okay
38%
dead
37%
lies
37%
ten
37%
waiting
36%
going
35%
oh
35%
arrives
34%
dragging
34%
brave
33%
Sometimes
33%
anyway
32%
thrives
32%
keeps
31%
he's
30%
knowing
30%
feet
29%
clay
28%
astray
27%

Score Distribution

Percentile by Number Answered

Percent of People with Each Score

Your Score History

You have not taken this quiz